[Event "POL-chT3 Dolnoslaskie 1718"]
[Site "Poland"]
[Date "2017.11.19"]
[Round "4.16"]
[White "Piotrowski, Przemyslaw"]
[Black "Koszkul, Wojciech"]
[Result "1-0"]
[WhiteElo "2305"]
[BlackElo "2035"]
[PlyCount "79"]
[EventDate "2017.10.08"]
[EventType "team-tourn"]
[EventRounds "11"]
[EventCountry "POL"]
[SourceTitle "EXT 2019"]
[Source "ChessBase"]
[SourceDate "2018.10.10"]
[SourceVersion "1"]
[SourceVersionDate "2018.10.10"]
[SourceQuality "1"]

1. d4 d5 2. Nf3 Nf6 3. g3 Bf5 4. Bg2 e6 5. 0-0 Bd6 6. c4 c6 7. Nc3 0-0 8. Nh4 Bg4 9. h3 Bh5 10. f4 Nfd7 11. Qe1 Be7 12. Nf3 Bxf3 13. Bxf3 f5 14. Bd2 Nf6 15. c5 Na6 16. Rb1 Nc7 17. b4 Qe8 18. a4 a6 19. e3 Ne4 20. Bxe4 dxe4 21. Qe2 Qg6 22. Kf2 Qh6 23. h4 Qg6 24. b5 Rfb8 25. bxc6 bxc6 26. Rb6 Rxb6 27. cxb6 Nd5 28. b7 Rf8 29. Nxd5 exd5 30. Rb1 Bd6 31. Qxa6 Qg4 32. Qe2 Qh3 33. Qf1 Qg4 34. Qd1 Qh3 35. Qh1 Qg4 36. Bb4 Bxb4 37. Rxb4 Rb8 38. a5 c5 39. a6 cxd4 40. Rxd4 1-0

[Event "POL-chT3 Dolnoslaskie 1617"]
[Site "Poland"]
[Date "2017.01.08"]
[Round "5.6"]
[White "Daniel, Damian"]
[Black "Koszkul, Wojciech"]
[Result "0-1"]
[WhiteElo "2024"]
[BlackElo "2055"]
[PlyCount "84"]
[EventDate "2016.10.16"]
[EventType "team-tourn"]
[EventRounds "11"]
[EventCountry "POL"]
[SourceTitle "EXT 2018"]
[Source "ChessBase"]
[SourceDate "2017.10.13"]
[SourceVersion "1"]
[SourceVersionDate "2017.10.13"]
[SourceQuality "1"]

1. d4 d5 2. c4 dxc4 3. Nc3 e5 4. e3 exd4 5. exd4 Nf6 6. Bxc4 Bd6 7. Nf3 0-0 8. 0-0 Nc6 9. h3 h6 10. Re1 Re8 11. Be3 a6 12. a3 b5 13. Bf1 b4 14. axb4 Nxb4 15. Qd2 Bf5 16. Bxh6 Rxe1 17. Rxe1 gxh6 18. Qxh6 Nfd5 19. Nh4 Bf4 20. Qh5 Bh7 21. g3 Qg5 22. Qf3 Bd6 23. Ne4 Qg7 24. Nf5 Bxf5 25. Qxf5 Kf8 26. Bg2 Re8 27. Kh2 Qg6 28. Qxg6 fxg6 29. Ra1 Nb6 30. b3 Kf7 31. h4 Be7 32. Rc1 N6d5 33. Kh3 Rd8 34. f4 Bf6 35. Bf3 Bxd4 36. h5 Rh8 37. Ng5+ Ke7 38. Rd1 c5 39. Re1+ Ne3 40. g4 Nd3 41. Rb1 gxh5 42. gxh5 Nxf4+ 0-1

[Event "POL-chT3 Dolnoslaskie 1516"]
[Site "Poland"]
[Date "2015.11.22"]
[Round "3.1"]
[White "Koszkul, Wojciech"]
[Black "Goluch, Piotr"]
[Result "0-1"]
[WhiteElo "2053"]
[BlackElo "2286"]
[PlyCount "156"]
[EventDate "2015.10.18"]
[EventType "team-tourn"]
[EventRounds "11"]
[EventCountry "POL"]
[SourceTitle "EXT 2018"]
[Source "ChessBase"]
[SourceDate "2017.10.13"]
[SourceVersion "1"]
[SourceVersionDate "2017.10.13"]
[SourceQuality "1"]

1. d4 Nf6 2. c4 c5 3. d5 b5 4. cxb5 a6 5. bxa6 g6 6. Nc3 Bxa6 7. e4 Bxf1 8. Kxf1 d6 9. g3 Bg7 10. Kg2 0-0 11. Nf3 Nbd7 12. h3 Nb6 13. Re1 Nfd7 14. Bf4 Qb8 15. Qc2 Nc4 16. Reb1 Qb4 17. a3 Qa5 18. Nd1 Qa6 19. Rc1 Na5 20. Rab1 c4 21. Qe2 Nc5 22. Bd2 Nd3 23. Rc2 Nb3 24. Ne3 Nxd2 25. Rxd2 Bh6 26. Nxc4 Bxd2 27. Qxd3 Bh6 28. b4 Bg7 29. b5 Qb7 30. Rb4 f5 31. Nd4 fxe4 32. Qxe4 Bxd4 33. Qxd4 Rf5 34. Ne3 Re5 35. f4 Rxe3 36. Qxe3 Qxd5+ 37. Kf2 Qa2+ 38. Qe2 Qxa3 39. Qc4+ Kf8 40. Qb3 Qa1 41. Qb1 Qc3 42. Qb2 Qc5+ 43. Kf3 Qd5+ 44. Ke3 Ra2 45. Qh8+ Kf7 46. Qxh7+ Ke8 47. Qh8+ Kd7 48. Qc3 Qd1 49. Rb2 Qg1+ 50. Kf3 Qf1+ 51. Ke3 Ra1 52. Rc2 Qg1+ 53. Kf3 Qh1+ 54. Ke3 Re1+ 55. Re2 Qg1+ 56. Kf3 Rc1 57. Qe3 Qxe3+ 58. Rxe3 Rb1 59. g4 Rxb5 60. g5 Rb1 61. h4 Rf1+ 62. Kg4 d5 63. Ra3 Rg1+ 64. Kf3 Ke6 65. Re3+ Kd6 66. Ra3 Rf1+ 67. Kg4 Kc5 68. Ra6 d4 69. Rxg6 d3 70. Rg8 d2 71. Rc8+ Kb6 72. Rd8 d1Q+ 73. Rxd1 Rxd1 74. g6 Kc6 75. Kg5 Kd7 76. g7 Rg1+ 77. Kh6 Ke8 78. Kh7 Kf7 0-1

[Event "Wroclaw op 9th"]
[Site "Wroclaw"]
[Date "2014.07.01"]
[Round "5"]
[White "Weichhold, Pawel"]
[Black "Koszkul, Wojciech"]
[Result "1-0"]
[WhiteElo "2402"]
[BlackElo "1987"]
[PlyCount "79"]
[EventDate "2014.06.29"]
[EventType "swiss"]
[EventRounds "9"]
[EventCountry "POL"]
[SourceTitle "EXT 2015"]
[Source "ChessBase"]
[SourceDate "2014.11.20"]
[SourceVersion "1"]
[SourceVersionDate "2014.11.20"]
[SourceQuality "1"]

1. e4 c6 2. d4 d5 3. e5 Bf5 4. Nd2 e6 5. Nb3 c5 6. dxc5 Bxc5 7. Nxc5 Qa5+ 8. c3 Qxc5 9. Qa4+ Nd7 10. Nf3 Ne7 11. Nd4 a6 12. Nxf5 Nxf5 13. Bd3 Qc7 14. 0-0 Ne7 15. Re1 Ng6 16. f4 0-0 17. Bc2 Rac8 18. Qd4 Ne7 19. Be3 Nf5 20. Bxf5 exf5 21. Qxd5 Nb6 22. Qd6 Nc4 23. Qxc7 Rxc7 24. Re2 Nxe3 25. Rxe3 Rd8 26. Rae1 Rc4 27. g3 Rc6 28. Kf2 g6 29. Ke2 Rc7 30. Rd1 Rcd7 31. Red3 Rxd3 32. Rxd3 Re8 33. Rd6 Kf8 34. c4 Ke7 35. Rb6 Rb8 36. c5 Kd7 37. c6+ Kc7 38. Rxb7+ Rxb7 39. cxb7 Kxb7 40. Kd3 1-0

[Event "Wroclaw op 9th"]
[Site "Wroclaw"]
[Date "2014.06.30"]
[Round "4"]
[White "Koszkul, Wojciech"]
[Black "Kowalczyk, Rafal"]
[Result "0-1"]
[WhiteElo "1987"]
[BlackElo "2200"]
[PlyCount "108"]
[EventDate "2014.06.29"]
[EventType "swiss"]
[EventRounds "9"]
[EventCountry "POL"]
[SourceTitle "EXT 2015"]
[Source "ChessBase"]
[SourceDate "2014.11.20"]
[SourceVersion "1"]
[SourceVersionDate "2014.11.20"]
[SourceQuality "1"]

1. d4 d5 2. Nf3 Nf6 3. e3 e6 4. c4 dxc4 5. Bxc4 a6 6. Nc3 c5 7. 0-0 Nc6 8. a3 b5 9. Bd3 cxd4 10. exd4 Be7 11. Be3 Bb7 12. a4 b4 13. Ne4 Na5 14. Nc5 Bxc5 15. dxc5 Qd5 16. Qc2 Qh5 17. Be2 Be4 18. Qd2 Nb3 19. Qd6 Rd8 20. Qxa6 Nxa1 21. Nd2 Qd5 22. Bb5+ Kf8 23. Nxe4 Nxe4 24. Rxa1 Nxc5 25. Qa5 Ne4 26. Qxb4+ Kg8 27. a5 h5 28. Be2 Kh7 29. f3 Nd6 30. Rd1 Qe5 31. Bd3+ Nf5 32. Bf2 Rb8 33. Qh4 Rxb2 34. Bd4 g6 35. Qxh5+ gxh5 36. Bxe5 Ra2 37. g4 Rg8 38. Kh1 hxg4 39. fxg4 Rxg4 40. a6 Kh6 41. Ra1 Rga4 42. Re1 Nd4 43. Bb8 Ra1 44. Rxa1 Rxa1+ 45. Kg2 Ra2+ 46. Kf1 Nc6 47. Bd6 Kg5 48. Bb5 Nd4 49. Bc4 Ra4 50. Bd3 Kg4 51. Bb8 Kf3 52. Bg3 Ra1+ 53. Be1 Ke3 54. Bh7 Nf3 0-1

[Event "Polanica Zdroj op-B 49th"]
[Site "Polanica Zdroj"]
[Date "2013.08.??"]
[Round "6"]
[White "Faron, Rafal"]
[Black "Koszkul, Wojciech"]
[Result "1/2-1/2"]
[WhiteElo "2011"]
[BlackElo "1917"]
[PlyCount "166"]
[EventDate "2013.08.17"]
[EventType "swiss"]
[EventRounds "9"]
[EventCountry "POL"]
[SourceTitle "CBM 156 Extra"]
[Source "ChessBase"]
[SourceDate "2013.10.22"]
[SourceVersion "1"]
[SourceVersionDate "2013.10.22"]
[SourceQuality "1"]

1. d4 Nf6 2. c4 e6 3. Nf3 d5 4. Nc3 Bb4 5. Qa4+ Nc6 6. e3 Bd7 7. Qc2 0-0 8. Bd3 dxc4 9. Bxc4 Na5 10. Bd3 c5 11. dxc5 Bxc5 12. a3 Bd6 13. 0-0 Rc8 14. b4 Nc4 15. Bxc4 Rxc4 16. Qd3 Qc7 17. Bb2 Rd8 18. Rac1 Be8 19. Qe2 b5 20. h3 a6 21. Nd2 Rc6 22. Nce4 Bh2+ 23. Kh1 Be5 24. Nxf6+ Bxf6 25. Rxc6 Bxc6 26. Bxf6 gxf6 27. Nb3 Qe5 28. Nc5 a5 29. Rd1 Rxd1+ 30. Qxd1 axb4 31. axb4 h5 32. Qe1 Kg7 33. f3 Qd6 34. Qh4 Qd1+ 35. Kh2 Qd6+ 36. Qg3+ Qxg3+ 37. Kxg3 Kg6 38. Kh4 Bd5 39. Nd3 e5 40. e4 Bc4 41. Nc5 Bf1 42. g4 hxg4 43. hxg4 Be2 44. Kg3 Kg5 45. Kf2 Bc4 46. Ke3 Be6 47. Na6 Bc8 48. Nc7 Bd7 49. Nd5 Be6 50. Kf2 Bd7 51. Kg2 Be6 52. Nc7 Bd7 53. Kg3 Bc6 54. Kf2 Bd7 55. Nd5 Be6 56. Ne7 Bd7 57. Ke3 Be6 58. Nc6 Bd7 59. Nd8 Be6 60. Nb7 Bd7 61. Nd6 Kg6 62. Kf2 Bc6 63. Kg2 Bd7 64. Kg3 Kg7 65. Kh4 Kg6 66. Kg3 Kg7 67. f4 Kg6 68. Nb7 Kg7 69. Nc5 Bc6 70. Kf3 Kg6 71. Nd3 Bd7 72. fxe5 Kg5 73. exf6 Bxg4+ 74. Ke3 Kxf6 75. Kf4 Be6 76. Nc5 Bc4 77. e5+ Ke7 78. Kg5 Ba2 79. Kf4 Bd5 80. Ke3 f6 81. Kd4 Bc4 82. exf6+ Kxf6 83. Na6 Ke7 1/2-1/2

[Event "Polanica Zdroj op-B 48th"]
[Site "Polanica Zdroj"]
[Date "2012.08.25"]
[Round "8"]
[White "Panczuk, Joanna"]
[Black "Koszkul, Wojciech"]
[Result "0-1"]
[WhiteElo "1666"]
[BlackElo "1834"]
[PlyCount "58"]
[EventDate "2012.08.18"]
[EventType "swiss"]
[EventRounds "9"]
[EventCountry "POL"]
[SourceTitle "EXT 2014"]
[Source "ChessBase"]
[SourceDate "2013.11.20"]
[SourceVersion "1"]
[SourceVersionDate "2013.11.20"]
[SourceQuality "1"]

1. e4 c6 2. d4 d5 3. exd5 cxd5 4. Bd3 Nc6 5. c3 Nf6 6. Bf4 Bg4 7. Qb3 Qd7 8. Nd2 e6 9. Ngf3 Na5 10. Qc2 Nc6 11. Bb5 Bd6 12. Bxd6 Qxd6 13. Ne5 0-0 14. Nxg4 Nxg4 15. h3 Nf6 16. 0-0 Rac8 17. Qd3 Rfd8 18. Rae1 a6 19. Ba4 b5 20. Bc2 b4 21. f4 bxc3 22. bxc3 Qa3 23. f5 e5 24. dxe5 Nxe5 25. Qe2 Rxc3 26. Bb3 Nd3 27. Rd1 Re8 28. Qf3 Qc5+ 29. Kh1 Re3 0-1